Primenenije teorii sistem k problemam upravlenija

Na minha lista:
Detalhes bibliográficos
Autor principal: Negoittä, C.V
Formato: Livro
Idioma:russo
Publicado em: Moskva Mir 1981
Tags: Adicionar Tag
Sem tags, seja o primeiro a adicionar uma tag!

MARC

LEADER 00000nam a2200000 4500
001 c128645
005 20231103121759.8
041 0 |a rus 
044 |a RU 
245 1 0 |a Primenenije teorii sistem k problemam upravlenija  |c C.V. Negoittä 
264 1 |a Moskva  |b Mir  |c 1981 
300 |a 183 s. 
100 1 |a Negoittä, C.V.